Identificar Almada (Record no. 15555)

MARC details
000 -Etiqueta do registo
Valores 00851nam a2200265 4500
010 ## - Número ISBN
ISBN 9789723718317
021 ## - Número do Depósito Legal
Número 396439/15
100 ## - Dados gerais de processamento
Dados gerais 20160420d2015 m y0pory50030103ba
200 1# - Titulo e menção de responsabilidade
Título próprio Identificar Almada
Primeira menção de responsabilidade Maria José Almada Negreiros
205 ## - Menção da edição
Edição 1ª ed
210 #9 - Publicação
Local de publicação Porto
Nome do editor Assírio & Alvim,
Data de publicação 2015
215 ## - Descrição física 
Paginação / Volumes 141, [2] p.
Outras indicações físicas il.
Dimensões 21 cm
225 2# - Colecção 
Título próprio da colecção Testemunhos
Indicação de volume 48
300 ## - Notas gerais 
Texto da nota PADES
675 ## - CDU
Notação 929Negreiros, Almada
Edição BN
Língua por
675 ## - CDU
Notação 75Negreiros, Almada
Edição BN
Língua por
675 ## - CDU
Notação 821.134.3Negreiros, Almada.09
Edição BN
Língua por
675 ## - CDU
Notação 821.134.3-94"19/20"
Edição BN
Língua por
700 #1 - Autor principal (pessoa individual)
Apelido Negreiros,
Nome Maria José de Almada
702 #1 - Autor secundário (pessoa individual)
Apelido Negreiros,
Nome Almada,
Datas 1893-1970
801 #0 - Fonte de origem
País PT
Agência BN
Regras de catalogação RPC
856 41 - Localização e acesso electrónico 
URL <a href="http://rnod.bnportugal.gov.pt/ImagesBN/winlibimg.aspx?skey=&doc=1928809&img=76176&save=true">http://rnod.bnportugal.gov.pt/ImagesBN/winlibimg.aspx?skey=&doc=1928809&img=76176&save=true</a>
990 ## - Elementos KOHA
Tipo de documento Livro
Holdings
Situação do levantamento Estado Número Biblioteca de origem Código de barras Cota Permissão de empréstimo Tipo de documento Forma de aquisição
    BMA Biblioteca Municipal do Alandroal 16534/21 929 NEG   Livro Compra

Powered by Koha